000 01079cam a22002654a 4500
999 _c127895
_d127895
001 12139980
003 ARRUPE
005 20180411103451.0
008 000811s2000 dcua b i000 0 eng
010 _a 00063356
020 _a1557759480
040 _aDLC
_cDLC
_dDLC
042 _apcc
050 0 0 _aHG1662.A3
_bG37 2000
082 0 0 _a368.8/54/00973
_221
100 1 _aGarcia, G. G.
_941406
245 1 0 _aDeposit insurance :
_bactual and good practices /
_cGillian G.H. Garcia.
260 _aWashington, DC :
_bInternational Monetary Fund,
_c2000.
300 _av, 93 p. :
_bill. ;
_c28 cm.
490 1 _aOccasional paper ;
_v197
504 _aIncludes bibliographical references (p. 56-57).
650 0 _aDeposit insurance.
_941407
830 0 _aOccasional paper (International Monetary Fund) ;
_vno. 197.
_941408
906 _a7
_bcbc
_corignew
_d1
_eocip
_f20
_gy-gencatlg
942 _2lcc
_cMONOGRAPH